O štěstí a smyslu života : můžeme ovládat své prožitky a ovlivňovat jejich kvalitu? / Mihaly Csikszentmihalyi ; [z angličtiny přeložila Eva Hauserová]
Record details
- ISBN: 80-7106-139-5
- Physical Description: 399 s. ; 21 cm
- Publisher: Praha : NLN, Nakladatelství Lidové noviny, 1996
Content descriptions
| General Note: | Pozn. |
| Bibliography, etc. Note: | Bibliogr. |
Search for related items by subject
| Subject: | štěstí > psychologické aspekty pozitivní myšlení smysl života > psychologické aspekty |
| Genre: | populárně-naučné publikace |
Search for related items by series
Available copies
- 1 of 1 copy available at Common Catalog SPOK.
Holds
- 0 current holds with 1 total copy.
Other Formats and Editions
Show Only Available Copies
| Location | Call Number / Copy Notes | Barcode | Shelving Location | Status | Due Date |
|---|---|---|---|---|---|
| Jabok Library | Psy-4.11/C | 424480011243 | Odborná literatura | Available | - |
| LDR | 01524nam a2200409 a 4500 | ||
|---|---|---|---|
| 001 | 8345 | ||
| 003 | CZ-PrJAB | ||
| 005 | 20220525093535.0 | ||
| 007 | tu | ||
| 008 | 960812s1996 xr e 000 0 cze | ||
| 015 | . | ‡acnb000147571 | |
| 020 | . | ‡a80-7106-139-5 ‡q(brož.) : ‡cKč 119,00 | |
| 035 | . | ‡a(CZ PrNK)cpk19960147571 | |
| 035 | . | ‡a(OCoLC)37963581 | |
| 040 | . | ‡aABA001 ‡bcze | |
| 041 | 1 | . | ‡acze ‡heng |
| 072 | 7. | ‡a17 ‡xEtika. Morální filozofie ‡2Konspekt ‡95 | |
| 080 | . | ‡a17 ‡2undef | |
| 080 | . | ‡a159.9 ‡2undef | |
| 080 | . | ‡a316.6 ‡2undef | |
| 100 | 1 | . | ‡aCsíkszentmihályi, Mihály, ‡d1934- ‡7jn20000810134 ‡4aut |
| 240 | 1 | 0. | ‡aFlow. ‡lČesky |
| 245 | 1 | 0. | ‡aO štěstí a smyslu života : ‡bmůžeme ovládat své prožitky a ovlivňovat jejich kvalitu? / ‡cMihaly Csikszentmihalyi ; [z angličtiny přeložila Eva Hauserová] |
| 260 | . | ‡aPraha : ‡bNLN, Nakladatelství Lidové noviny, ‡c1996 | |
| 300 | . | ‡a399 s. ; ‡c21 cm | |
| 490 | 1 | . | ‡aPsychologie P ; ‡vsv. 6 |
| 500 | . | ‡aPozn. | |
| 504 | . | ‡aBibliogr. | |
| 650 | 0 | 7. | ‡aštěstí ‡7ph127882 ‡xpsychologické aspekty ‡2czenas |
| 650 | 0 | 7. | ‡apozitivní myšlení ‡7ph124475 ‡2czenas |
| 650 | 0 | 7. | ‡asmysl života ‡7ph125718 ‡xpsychologické aspekty ‡2czenas |
| 655 | 7. | ‡apopulárně-naučné publikace ‡7fd131864 ‡2czenas | |
| 700 | 1 | . | ‡aHauserová, Eva, ‡d1954- ‡7jk01040194 ‡4trl |
| 830 | 0. | ‡aPsychologie P | |
| 910 | . | ‡aABG312 | |
| 901 | . | ‡a8345 ‡bUnknown ‡c8345 ‡tbiblio | |